Modern semiconductor device physics /

Bibliographic Details
Other Authors: Sze, S. M., 1936-
Format: Book
Language:English
Published: New York : Wiley, [1998]
Subjects:

MARC

Tag First Indicator Second Indicator Subfields
LEADER 00000cam a2200000 a 4500
001 in00001402793
005 20151020053037.0
008 970128s1998 nyua b 001 0 eng
010 |a  97004311  
020 |a 0471152374 (cloth : acid-free paper) 
035 |a (OCoLC)36327473 
035 |9 AHM6817AM 
040 |a DLC  |c DLC  |d TXA  |d UtOrBLW 
049 |a TXAM 
050 0 0 |a QC611  |b .M674 1998 
082 0 0 |a 621.3815/2  |2 21 
245 0 0 |a Modern semiconductor device physics /  |c edited by S.M. Sze. 
264 1 |a New York :  |b Wiley,  |c [1998] 
264 4 |c ©1998 
300 |a xii, 556 pages :  |b illustrations ;  |c 25 cm. 
336 |a text  |b txt  |2 rdacontent 
337 |a unmediated  |b n  |2 rdamedia 
338 |a volume  |b nc  |2 rdacarrier 
500 |a "A Wiley-Interscience publication." 
504 |a Includes bibliographical references and index. 
650 0 |a Semiconductors. 
700 1 |a Sze, S. M.,  |d 1936- 
999 |a MARS 
999 f f |s 075950a1-7744-3878-add9-7b27e0aa8895  |i 618fd37b-2fc7-307a-a4d1-40ec87910fe5  |t 0 
952 f f |p normal  |a Texas A&M University  |b College Station  |c Sterling C. Evans Library  |s Evans stk  |d Evans: Library Stacks  |t 0  |e QC611 .M674 1998  |h Library of Congress classification  |i unmediated -- volume  |m A14825185911 
998 f f |a QC611 .M674 1998  |t 0  |l Evans: Library Stacks